| 000 | 00434nam a2200157Ia 4500 | ||
|---|---|---|---|
| 008 | 151213s9999 xx 000 0 und d | ||
| 100 | _aRichard Pike & Bill Neale | ||
| 245 |
_aCorporate Finance & Investment _cRichard Pike & Bill Neale |
||
| 250 | _a2nd | ||
| 260 |
_aNew Delhi _bPrentic Holl of India _c2004 |
||
| 300 | _a3417 p. | ||
| 650 | _aFinance | ||
| 650 | _aFinance | ||
| 700 | _aRichard Pike & Bill Neale | ||
| 999 |
_c2280 _d2280 |
||